| 000 | 01781nam a2200241Ia 4500 | ||
|---|---|---|---|
| 999 |
_c36412 _d36412 |
||
| 001 | 2326 | ||
| 003 | GE_BSU | ||
| 005 | 20190530195342.0 | ||
| 008 | 181216s2009||||ge |||||||||||||| ||geo|| | ||
| 040 | _cGE_BSU | ||
| 041 | _ageo | ||
| 080 | _a81(063) ე-75 | ||
| 245 |
_cსარედ. კოლ.: ლ. აზმაიფარაშვილი და სხვ. _a"ერგატივი და ერგატიული კონსტრუქცია მსოფლიოს ენებში", საერთაშორისო საენათმეცნიერო კონფერენცია (2009, თბილისი) _bსაერთაშორისო საენათმეცნიერო კონფერენცია "ერგატივი და ერგატიული კონსტრუქცია მსოფლიოს ენებში" (იბერიულ-კავკასიური და მსოფლიოს სხვა ენები) ; პროგრამა. მასალები, თბ. 21-23.V.2009 |
||
| 264 |
_aთბილისი, _c2009. |
||
| 300 |
_a117 გვ.; _b25 სმ. |
||
| 546 | _aტექსტი ქართ., რუს. და ინგლ. | ||
| 653 | _aიბერიულ-კავკასიური ენები | ||
| 653 | _a წინადადებათა ტიპები; ერგატივი | ||
| 653 | _a მსოფლიოს ხალხთა ენები | ||
| 700 |
_aაზმაიფარაშვილი, ლ. _eრედაქტორი _91881 |
||
| 710 |
_aთსუ-ს ჰუმანიტ. მეცნ. ფაკ-ის კავკასიოლ. ინ-ტი. _91882 |
||
| 942 |
_cBK _2udc |
||